[Event "DEM U18 2023"]
[Site "Willingen GER"]
[Date "2023.05.28"]
[Round "1"]
[White "Matthäi, Jakob"]
[Black "Musiolik, David"]
[Result "0-1"]
[Termination "normal"]
[Board "6"]
[WhiteElo "2046"]
[BlackElo "2291"]
[WhiteClock "00:00:50"]
[BlackClock "00:01:23"]
[PlyCount "70"]
[WhiteFideId "16240421"]
[BlackFideId "12972355"]
[EventCountry "GER"]
[EventRounds "9"]
[EventType "swiss"]
[EventDate "2023.05.27"]

1. e4 {[%clk 01:30:57]  [%emt 00:00:02]} 1... c6 {[%clk 01:30:47]  [%emt
00:00:13]} 2. d4 {[%clk 01:31:21]  [%emt 00:00:06]} 2... d5 {[%clk 01:31:09] 
[%emt 00:00:08]} 3. Nd2 {[%clk 01:31:22]  [%emt 00:00:29]} 3... dxe4 {[%clk
01:31:04]  [%emt 00:00:34]} 4. Nxe4 {[%clk 01:31:47]  [%emt 00:00:05]} 4... Nf6
{[%clk 01:31:17]  [%emt 00:01:53]} 5. Ng3 5... h5 {[%emt 00:03:15]} 6. h4
{[%emt 00:07:05]} 6... Bg4 {[%emt 00:03:11]} 7. Be2 {[%emt 00:04:02]} 7... Nbd7
{[%emt 00:09:52]} 8. Be3 {[%emt 00:06:16]} 8... e6 {[%emt 00:20:59]} 9. Qd2
{[%clk 01:05:55]  [%emt 00:02:42]} 9... Bd6 {[%clk 01:01:06]  [%emt 00:02:04]}
10. Bf4 {[%clk 00:56:05]  [%emt 00:10:21]} 10... Be7 {[%clk 00:54:04]  [%emt
00:07:32]} 11. f3 {[%clk 00:51:09]  [%emt 00:05:26]} 11... Bf5 {[%clk 00:52:59]
 [%emt 00:01:35]} 12. Nxf5 {[%clk 00:51:08]  [%emt 00:00:31]} 12... exf5 {[%emt
00:14:23]} 13. c4 {[%clk 00:37:14]  [%emt 00:00:07]} 13... b5 {[%clk 00:49:26] 
[%emt 00:04:28]} 14. d5 {[%clk 00:28:11]  [%emt 00:09:32]} 14... cxd5 {[%clk
00:46:16]  [%emt 00:03:39]} 15. cxd5 {[%clk 00:26:59]  [%emt 00:01:43]} 15...
Bc5 {[%clk 00:46:04]  [%emt 00:00:42]} 16. b4 {[%clk 00:18:58]  [%emt
00:08:31]} 16... Bxg1 {[%clk 00:43:32]  [%emt 00:03:01]} 17. Rxg1 {[%clk
00:19:20]  [%emt 00:00:08]} 17... O-O {[%clk 00:43:46]  [%emt 00:00:16]} 18.
O-O-O {[%clk 00:13:34]  [%emt 00:06:17]} 18... Nb6 {[%clk 00:37:08]  [%emt
00:07:08]} 19. d6 {[%clk 00:11:48]  [%emt 00:02:16]} 19... Nfd5 {[%clk
00:37:04]  [%emt 00:00:33]} 20. Be5 {[%clk 00:08:12]  [%emt 00:04:07]} 20...
Re8 {[%clk 00:21:37]  [%emt 00:15:57]} 21. f4 {[%clk 00:06:41]  [%emt
00:02:00]} 21... f6 {[%clk 00:08:05]  [%emt 00:14:03]} 22. Bf3 {[%clk 00:05:53]
 [%emt 00:01:18]} 22... Rc8+ {[%clk 00:07:53]  [%emt 00:00:41]} 23. Kb1 {[%clk
00:06:14]  [%emt 00:00:09]} 23... Nxb4 {[%clk 00:06:45]  [%emt 00:01:39]} 24.
Qxb4 {[%clk 00:05:58]  [%emt 00:00:46]} 24... fxe5 {[%clk 00:07:07]  [%emt
00:00:07]} 25. Qb3+ {[%clk 00:00:53]  [%emt 00:05:36]} 25... Rc4 {[%clk
00:03:08]  [%emt 00:04:29]} 26. Bxh5 {[%clk 00:00:59]  [%emt 00:00:23]} 26...
Re6 {[%clk 00:02:34]  [%emt 00:01:04]} 27. fxe5 {[%clk 00:00:43]  [%emt
00:00:47]} 27... Rxe5 {[%clk 00:02:40]  [%emt 00:00:24]} 28. Rge1 {[%clk
00:00:44]  [%emt 00:00:28]} 28... Rxe1 {[%clk 00:01:10]  [%emt 00:02:00]} 29.
Rxe1 {[%clk 00:01:13]  [%emt 00:00:01]} 29... Qxh4 {[%clk 00:01:35]  [%emt
00:00:06]} 30. Re8+ {[%clk 00:00:40]  [%emt 00:01:04]} 30... Kh7 {[%clk
00:02:04]  [%emt 00:00:01]} 31. Qd1 {[%clk 00:00:36]  [%emt 00:00:33]} 31...
Na4 {[%clk 00:01:13]  [%emt 00:01:21]} 32. Re3 {[%clk 00:00:42]  [%emt
00:00:24]} 32... Rb4+ {[%clk 00:01:10]  [%emt 00:00:33]} 33. Kc1 {[%clk
00:00:35]  [%emt 00:00:38]} 33... Qc4+ {[%clk 00:01:04]  [%emt 00:00:36]} 34.
Kd2 {[%clk 00:00:48]  [%emt 00:00:17]} 34... Rb2+ {[%clk 00:01:07]  [%emt
00:00:25]} 35. Ke1 {[%clk 00:00:50]  [%emt 00:00:28]} 35... Qh4+ {[%clk
00:01:23]  [%emt 00:00:14]} 0-1

[Event "DEM U18 2023"]
[Site "Willingen GER"]
[Date "2023.05.28"]
[Round "1"]
[White "Weihrauch, Jakob"]
[Black "Evering, Sören"]
[Result "0-1"]
[Termination "normal"]
[Board "7"]
[WhiteElo "2291"]
[BlackElo "2061"]
[WhiteClock "00:00:33"]
[BlackClock "00:03:36"]
[PlyCount "110"]
[WhiteFideId "16210115"]
[BlackFideId "12974650"]
[EventCountry "GER"]
[EventRounds "9"]
[EventType "swiss"]
[EventDate "2023.05.27"]

1. e4 {[%clk 01:30:56]  [%emt 00:00:04]} 1... e5 {[%clk 01:30:51]  [%emt
00:00:10]} 2. Nf3 {[%clk 01:31:17]  [%emt 00:00:08]} 2... Nc6 {[%clk 01:31:08] 
[%emt 00:00:13]} 3. Bb5 {[%clk 01:31:38]  [%emt 00:00:09]} 3... a6 {[%clk
01:31:21]  [%emt 00:00:18]} 4. Ba4 {[%clk 01:31:56]  [%emt 00:00:12]} 4... Nf6
{[%clk 01:31:36]  [%emt 00:00:14]} 5. O-O {[%clk 01:32:13]  [%emt 00:00:13]}
5... Be7 {[%clk 01:31:43]  [%emt 00:01:51]} 6. d3 6... b5 {[%clk 01:30:35] 
[%emt 00:00:57]} 7. Bb3 {[%emt 00:00:24]} 7... d6 {[%clk 01:30:52]} 8. c3
{[%emt 00:01:54]} 8... Na5 {[%clk 01:28:03]  [%emt 00:02:26]} 9. Bc2 {[%clk
01:31:28]  [%emt 00:00:47]} 9... c5 {[%emt 00:01:42]} 10. Re1 {[%emt 00:02:10]}
10... O-O {[%emt 00:03:11]} 11. Nbd2 {[%emt 00:04:02]} 11... Re8 {[%emt
00:07:46]} 12. Nf1 {[%emt 00:02:07]} 12... Bf8 {[%emt 00:06:17]} 13. Ng3 {[%clk
01:20:11]  [%emt 00:01:57]} 13... h6 {[%emt 00:19:01]} 14. d4 {[%clk 01:00:24] 
[%emt 00:03:40]} 14... Qc7 {[%clk 01:04:29]  [%emt 00:08:15]} 15. d5 {[%clk
00:57:33]  [%emt 00:03:21]} 15... c4 {[%clk 00:58:58]  [%emt 00:06:01]} 16. b4
{[%clk 00:52:57]  [%emt 00:05:07]} 16... cxb3 {[%clk 00:56:27]  [%emt
00:03:01]} 17. axb3 {[%clk 00:53:19]  [%emt 00:00:08]} 17... Nb7 {[%clk
00:54:34]  [%emt 00:02:23]} 18. Bd2 {[%clk 00:50:52]  [%emt 00:02:56]} 18...
Bd7 {[%emt 00:09:43]} 19. b4 {[%clk 00:48:19]  [%emt 00:02:09]} 19... a5 {[%clk
00:43:44]  [%emt 00:03:02]} 20. Bd3 {[%clk 00:47:53]  [%emt 00:00:56]} 20...
axb4 {[%clk 00:37:33]  [%emt 00:06:41]} 21. cxb4 {[%clk 00:48:09]  [%emt
00:00:15]} 21... Ra4 {[%clk 00:33:02]  [%emt 00:05:00]} 22. Qe2 {[%clk
00:30:03]  [%emt 00:18:36]} 22... Rea8 {[%clk 00:28:03]  [%emt 00:05:30]} 23.
Rab1 {[%clk 00:25:54]  [%emt 00:04:39]} 23... Qb6 {[%clk 00:25:33]  [%emt
00:03:00]} 24. Bc2 {[%clk 00:23:02]  [%emt 00:03:21]} 24... Ra3 {[%clk
00:20:26]  [%emt 00:05:37]} 25. Be3 {[%clk 00:21:09]  [%emt 00:02:24]} 25...
Qa6 {[%clk 00:18:32]  [%emt 00:02:23]} 26. Bb3 {[%clk 00:14:57]  [%emt
00:06:43]} 26... Nd8 {[%clk 00:15:35]  [%emt 00:03:28]} 27. h3 {[%clk 00:11:31]
 [%emt 00:03:55]} 27... Ne8 {[%clk 00:09:53]  [%emt 00:06:13]} 28. Nh4 {[%clk
00:10:39]  [%emt 00:01:21]} 28... Qb7 {[%clk 00:08:20]  [%emt 00:02:03]} 29.
Ngf5 {[%clk 00:08:21]  [%emt 00:02:48]} 29... Kh7 {[%clk 00:07:51]  [%emt
00:00:59]} 30. Qd2 {[%clk 00:05:50]  [%emt 00:03:01]} 30... f6 {[%clk 00:03:20]
 [%emt 00:05:00]} 31. Qe2 {[%clk 00:04:14]  [%emt 00:02:06]} 31... g6 {[%clk
00:03:29]  [%emt 00:00:22]} 32. Qg4 {[%clk 00:02:43]  [%emt 00:02:01]} 32...
Bxf5 {[%clk 00:02:59]  [%emt 00:01:01]} 33. exf5 {[%clk 00:03:06]  [%emt
00:00:06]} 33... g5 {[%clk 00:03:16]  [%emt 00:00:14]} 34. Ng6 {[%clk 00:02:46]
 [%emt 00:00:49]} 34... Bg7 {[%clk 00:03:09]  [%emt 00:00:37]} 35. h4 {[%clk
00:02:19]  [%emt 00:00:57]} 35... Nf7 {[%clk 00:02:25]  [%emt 00:01:14]} 36.
Bc2 {[%clk 00:01:49]  [%emt 00:01:01]} 36... Kg8 {[%clk 00:01:18]  [%emt
00:01:37]} 37. Be4 {[%clk 00:01:05]  [%emt 00:01:14]} 37... Rc3 {[%clk
00:00:54]  [%emt 00:00:53]} 38. g3 {[%clk 00:01:04]  [%emt 00:00:31]} 38... Rc4
{[%clk 00:00:55]  [%emt 00:00:30]} 39. Kg2 {[%clk 00:00:43]  [%emt 00:00:51]}
39... h5 {[%clk 00:00:44]  [%emt 00:00:40]} 40. Qxh5 {[%clk 00:00:33]  [%emt
00:00:40]} 40... Rxe4 {[%clk 00:01:00]  [%emt 00:00:15]} 41. hxg5 {[%clk
00:24:56]  [%emt 00:06:06]} 41... fxg5 {[%clk 00:24:04]  [%emt 00:07:26]} 42.
Bxg5 {[%clk 00:18:34]  [%emt 00:06:51]} 42... Nxg5 {[%clk 00:20:23]  [%emt
00:04:12]} 43. Qxg5 {[%clk 00:17:35]  [%emt 00:01:29]} 43... Rxe1 {[%clk
00:19:36]  [%emt 00:01:17]} 44. Rxe1 {[%clk 00:16:34]  [%emt 00:01:31]} 44...
Nf6 {[%clk 00:10:34]  [%emt 00:09:32]} 45. Kg1 {[%clk 00:12:45]  [%emt
00:04:19]} 45... Re8 {[%clk 00:09:40]  [%emt 00:01:24]} 46. Rd1 {[%clk
00:09:33]  [%emt 00:03:42]} 46... Qf7 {[%clk 00:06:16]  [%emt 00:03:53]} 47.
Qd2 {[%clk 00:06:17]  [%emt 00:03:46]} 47... Ne4 {[%clk 00:06:19]  [%emt
00:00:27]} 48. Qc2 {[%clk 00:05:41]  [%emt 00:01:07]} 48... Qxf5 {[%emt
00:00:34]} 49. Nh4 49... Qg4 {[%clk 00:05:33]  [%emt 00:01:12]} 50. Re1 {[%clk
00:03:21]  [%emt 00:03:19]} 50... Ng5 {[%clk 00:05:12]  [%emt 00:00:50]} 51.
Qc6 {[%clk 00:02:09]  [%emt 00:01:44]} 51... Rf8 {[%clk 00:03:24]  [%emt
00:02:19]} 52. Qxd6 {[%clk 00:01:46]  [%emt 00:00:52]} 52... Nh3+ {[%clk
00:03:24]  [%emt 00:00:30]} 53. Kh2 {[%clk 00:00:47]  [%emt 00:01:30]} 53...
Rxf2+ {[%clk 00:03:33]  [%emt 00:00:20]} 54. Ng2 {[%clk 00:00:33]  [%emt
00:00:44]} 54... Ng5 {[%clk 00:03:40]  [%emt 00:00:23]} 55. Kg1 {[%clk
00:00:33]  [%emt 00:00:31]} 55... Qxg3 {[%clk 00:03:36]  [%emt 00:00:34]} 0-1

[Event "DEM U18 2023"]
[Site "Willingen GER"]
[Date "2023.05.28"]
[Round "1"]
[White "Eull, Emil"]
[Black "Haack, Kevin"]
[Result "0-1"]
[Termination "normal"]
[Board "8"]
[BlackTitle "FM"]
[WhiteElo "1937"]
[BlackElo "2303"]
[WhiteClock "00:00:58"]
[BlackClock "00:06:35"]
[PlyCount "116"]
[WhiteFideId "16253809"]
[BlackFideId "16228715"]
[EventCountry "GER"]
[EventRounds "9"]
[EventType "swiss"]
[EventDate "2023.05.27"]

1. c4 {[%clk 01:30:54]  [%emt 00:00:05]} 1... e5 {[%clk 01:30:43]  [%emt
00:00:17]} 2. Nc3 {[%clk 01:29:40]  [%emt 00:03:09]} 2... Nf6 {[%clk 01:30:45]}
3. e3 {[%clk 01:20:17]  [%emt 00:10:17]} 3... Bb4 {[%clk 01:23:00]  [%emt
00:07:18]} 4. Qc2 {[%emt 00:16:06]} 4... Nc6 {[%clk 01:17:24]  [%emt 00:02:55]}
5. Nf3 {[%clk 01:07:28]  [%emt 00:00:32]} 5... Bxc3 {[%clk 01:16:39]  [%emt
00:01:13]} 6. Qxc3 {[%clk 01:07:48]  [%emt 00:00:14]} 6... Qe7 {[%clk 01:16:25]
 [%emt 00:00:41]} 7. a3 {[%clk 01:07:19]  [%emt 00:00:59]} 7... d5 {[%clk
01:13:31]  [%emt 00:03:22]} 8. d4 {[%clk 00:57:34]  [%emt 00:11:02]} 8... exd4
{[%clk 01:12:00]  [%emt 00:01:13]} 9. Nxd4 {[%clk 00:55:32]  [%emt 00:02:33]}
9... Nxd4 {[%clk 01:11:02]  [%emt 00:01:28]} 10. Qxd4 {[%clk 00:55:52]  [%emt
00:00:10]} 10... O-O {[%clk 01:08:51]  [%emt 00:02:41]} 11. b3 {[%clk 00:35:50]
 [%emt 00:20:31]} 11... c5 {[%clk 00:59:14]  [%emt 00:10:07]} 12. Qf4 {[%clk
00:33:20]  [%emt 00:03:01]} 12... Nh5 {[%clk 00:44:50]  [%emt 00:14:54]} 13.
Qf3 {[%clk 00:28:18]  [%emt 00:05:33]} 13... Qe5 {[%clk 00:43:56]  [%emt
00:01:22]} 14. Rb1 {[%clk 00:26:47]  [%emt 00:02:02]} 14... Nf6 {[%clk
00:35:41]  [%emt 00:08:44]} 15. Bb2 {[%clk 00:25:26]  [%emt 00:01:52]} 15... d4
{[%clk 00:33:55]  [%emt 00:02:15]} 16. Bd3 {[%clk 00:24:14]  [%emt 00:01:42]}
16... Re8 {[%clk 00:27:55]  [%emt 00:06:31]} 17. O-O {[%clk 00:21:49]  [%emt
00:02:54]} 17... Qg5 {[%clk 00:19:22]  [%emt 00:09:03]} 18. Qf4 {[%clk
00:18:38]  [%emt 00:03:42]} 18... Qxf4 {[%clk 00:19:02]  [%emt 00:00:49]} 19.
exf4 {[%clk 00:19:02]  [%emt 00:00:06]} 19... g6 {[%clk 00:14:19]  [%emt
00:05:13]} 20. Rfe1 {[%clk 00:17:30]  [%emt 00:02:03]} 20... Bf5 {[%clk
00:12:38]  [%emt 00:02:11]} 21. Bxf5 {[%clk 00:16:47]  [%emt 00:01:13]} 21...
gxf5 {[%clk 00:13:03]  [%emt 00:00:05]} 22. f3 {[%clk 00:16:24]  [%emt
00:00:53]} 22... Rxe1+ {[%clk 00:13:02]  [%emt 00:00:31]} 23. Rxe1 {[%clk
00:13:52]  [%emt 00:03:04]} 23... Re8 {[%clk 00:13:28]  [%emt 00:00:01]} 24.
Rxe8+ {[%clk 00:09:14]  [%emt 00:05:09]} 24... Nxe8 {[%clk 00:13:56]  [%emt
00:00:02]} 25. Kf2 {[%clk 00:09:28]  [%emt 00:00:16]} 25... Nd6 {[%clk
00:14:00]  [%emt 00:00:25]} 26. Ke2 {[%clk 00:08:56]  [%emt 00:01:02]} 26...
Kf8 {[%clk 00:13:23]  [%emt 00:01:08]} 27. Kd3 {[%clk 00:09:18]  [%emt
00:00:08]} 27... Ke7 {[%clk 00:13:44]  [%emt 00:00:09]} 28. Bc1 {[%clk
00:05:56]  [%emt 00:03:52]} 28... b6 {[%clk 00:11:45]  [%emt 00:02:28]} 29. Bd2
{[%clk 00:05:20]  [%emt 00:01:06]} 29... Kd7 {[%clk 00:07:54]  [%emt 00:04:21]}
30. a4 {[%clk 00:03:26]  [%emt 00:02:25]} 30... Kc6 {[%clk 00:05:44]  [%emt
00:02:40]} 31. b4 {[%clk 00:01:59]  [%emt 00:01:57]} 31... a6 {[%clk 00:05:59] 
[%emt 00:00:14]} 32. b5+ {[%clk 00:02:08]  [%emt 00:00:21]} 32... axb5 {[%clk
00:06:02]  [%emt 00:00:28]} 33. axb5+ {[%clk 00:02:35]  [%emt 00:00:03]} 33...
Nxb5 {[%clk 00:02:43]  [%emt 00:03:49]} 34. cxb5+ {[%clk 00:02:58]  [%emt
00:00:07]} 34... Kxb5 {[%clk 00:03:12]  [%emt 00:00:02]} 35. Be1 {[%clk
00:01:45]  [%emt 00:01:42]} 35... Kc6 {[%clk 00:03:20]  [%emt 00:00:22]} 36.
Bh4 {[%clk 00:01:41]  [%emt 00:00:34]} 36... Kd5 {[%clk 00:03:24]  [%emt
00:00:25]} 37. Be7 {[%clk 00:01:11]  [%emt 00:01:00]} 37... b5 {[%clk 00:03:42]
 [%emt 00:00:12]} 38. g4 {[%clk 00:00:47]  [%emt 00:00:54]} 38... c4+ {[%clk
00:01:12]  [%emt 00:03:01]} 39. Kd2 {[%clk 00:00:50]  [%emt 00:00:28]} 39...
fxg4 {[%clk 00:01:10]  [%emt 00:00:31]} 40. fxg4 {[%clk 00:01:19]  [%emt
00:00:01]} 40... Ke4 {[%clk 00:01:26]  [%emt 00:00:14]} 41. f5 {[%clk 00:21:19]
 [%emt 00:10:30]} 41... Kf4 {[%clk 00:22:33]  [%emt 00:09:23]} 42. Bc5 {[%clk
00:07:12]  [%emt 00:14:37]} 42... d3 {[%clk 00:16:42]  [%emt 00:06:20]} 43. f6
{[%clk 00:07:09]  [%emt 00:00:34]} 43... Kxg4 {[%clk 00:16:11]  [%emt
00:01:01]} 44. Kc3 {[%clk 00:04:14]  [%emt 00:03:25]} 44... Kf3 {[%clk
00:15:23]  [%emt 00:01:17]} 45. Bf8 {[%clk 00:04:30]  [%emt 00:00:15]} 45... h5
{[%clk 00:10:43]  [%emt 00:05:10]} 46. Bh6 {[%clk 00:04:30]  [%emt 00:00:30]}
46... Ke2 {[%clk 00:10:05]  [%emt 00:01:08]} 47. Bg5 {[%clk 00:04:27]  [%emt
00:00:33]} 47... Kf3 {[%clk 00:09:19]  [%emt 00:01:16]} 48. Bh6 {[%clk
00:04:44]  [%emt 00:00:13]} 48... Ke4 {[%clk 00:07:04]  [%emt 00:02:45]} 49.
Bf8 {[%clk 00:04:24]  [%emt 00:00:50]} 49... Kf5 {[%clk 00:06:02]  [%emt
00:01:32]} 50. Be7 {[%clk 00:04:20]  [%emt 00:00:34]} 50... Ke5 {[%clk
00:06:31]  [%emt 00:00:01]} 51. Bb4 {[%clk 00:02:34]  [%emt 00:02:16]} 51...
Kxf6 {[%clk 00:05:04]  [%emt 00:01:56]} 52. Kd4 {[%clk 00:03:00]  [%emt
00:00:04]} 52... Kf5 {[%clk 00:05:30]  [%emt 00:00:05]} 53. Kc5 {[%clk
00:01:01]  [%emt 00:02:30]} 53... Ke4 {[%clk 00:05:53]  [%emt 00:00:06]} 54.
Kxb5 {[%clk 00:00:36]  [%emt 00:00:55]} 54... Kd4 {[%clk 00:05:26]  [%emt
00:00:56]} 55. Bc5+ {[%clk 00:00:40]  [%emt 00:00:27]} 55... Kc3 {[%clk
00:05:34]  [%emt 00:00:22]} 56. Be3 {[%clk 00:00:33]  [%emt 00:00:37]} 56...
Kb3 {[%clk 00:05:48]  [%emt 00:00:15]} 57. Kc5 {[%clk 00:00:34]  [%emt
00:00:29]} 57... c3 {[%clk 00:06:10]  [%emt 00:00:08]} 58. Kd4 {[%clk 00:00:58]
 [%emt 00:00:06]} 58... d2 {[%clk 00:06:35]  [%emt 00:00:05]} 0-1

[Event "DEM U18 2023"]
[Site "Willingen GER"]
[Date "2023.05.28"]
[Round "1"]
[White "Farokhi, Keyvan"]
[Black "Wurmbauer, Nils"]
[Result "1-0"]
[Termination "normal"]
[Board "9"]
[WhiteTitle "FM"]
[WhiteElo "2266"]
[BlackElo "1995"]
[WhiteClock "00:33:11"]
[BlackClock "00:20:19"]
[PlyCount "117"]
[WhiteFideId "12998630"]
[BlackFideId "16253337"]
[EventCountry "GER"]
[EventRounds "9"]
[EventType "swiss"]
[EventDate "2023.05.27"]

1. d4 {[%clk 01:30:57]  [%emt 00:00:03]} 1... Nf6 {[%clk 01:30:55]  [%emt
00:00:06]} 2. c4 {[%clk 01:31:21]  [%emt 00:00:06]} 2... c5 {[%clk 01:31:20] 
[%emt 00:00:05]} 3. d5 {[%clk 01:30:43]  [%emt 00:01:07]} 3... e5 {[%clk
01:31:46]  [%emt 00:00:05]} 4. Nc3 {[%clk 01:25:03]  [%emt 00:06:10]} 4... d6
{[%clk 01:31:07]  [%emt 00:01:09]} 5. e4 {[%clk 01:22:58]  [%emt 00:02:34]}
5... Be7 {[%clk 01:31:31]  [%emt 00:00:17]} 6. Be2 {[%clk 01:20:02]  [%emt
00:03:15]} 6... Nbd7 {[%clk 01:30:41]  [%emt 00:01:21]} 7. Be3 {[%clk 01:16:50]
 [%emt 00:04:47]} 7... O-O {[%clk 01:29:24]  [%emt 00:00:42]} 8. Qd2 {[%clk
01:09:44]  [%emt 00:07:34]} 8... Ne8 {[%clk 01:26:40]  [%emt 00:03:15]} 9. g4
{[%clk 01:00:24]  [%emt 00:09:51]} 9... g6 {[%clk 01:11:10]  [%emt 00:15:59]}
10. h4 {[%clk 00:55:44]  [%emt 00:12:28]} 10... f5 11. gxf5 {[%clk 00:55:44]}
11... gxf5 {[%clk 01:04:28]} 12. exf5 {[%clk 00:55:55]  [%emt 00:01:12]} 12...
Ndf6 {[%clk 01:01:01]} 13. Nf3 {[%clk 00:53:17]  [%emt 00:07:04]} 13... Bxf5
{[%clk 00:38:19]} 14. Bh6 {[%clk 00:42:55]  [%emt 00:34:04]} 14... Ng7 {[%clk
00:34:07]} 15. Rg1 {[%clk 00:42:40]  [%emt 00:05:26]} 15... Nfe8 {[%clk
00:28:27]} 16. O-O-O {[%clk 00:39:08]  [%emt 00:10:12]} 16... Kh8 {[%clk
00:23:56]} 17. Ng5 {[%clk 00:33:31]  [%emt 00:11:10]} 17... Bxg5 {[%clk
00:20:33]} 18. Bxg5 {[%clk 00:33:31]} 18... Qd7 {[%clk 00:20:33]} 19. h5 {[%clk
00:33:31]} 19... Nf6 {[%clk 00:20:33]} 20. Bh6 {[%clk 00:15:16]  [%emt
00:27:18]} 20... Rf7 {[%clk 00:16:11]  [%emt 00:02:12]} 21. Rg5 {[%clk
00:08:29]  [%emt 00:07:16]} 21... Ne4 {[%clk 00:09:53]  [%emt 00:06:50]} 22.
Nxe4 {[%clk 00:08:35]  [%emt 00:00:23]} 22... Bxe4 {[%clk 00:10:18]  [%emt
00:00:05]} 23. Rdg1 {[%clk 00:06:31]  [%emt 00:02:34]} 23... Nf5 {[%clk
00:09:20]  [%emt 00:01:29]} 24. Bg4 {[%clk 00:06:56]  [%emt 00:00:03]} 24...
Qa4 {[%clk 00:06:07]  [%emt 00:03:44]} 25. Bxf5 {[%clk 00:07:23]  [%emt
00:00:03]} 25... Qxc4+ {[%clk 00:06:09]  [%emt 00:00:28]} 26. Qc3 {[%clk
00:07:51]  [%emt 00:00:03]} 26... Qxc3+ {[%clk 00:04:45]  [%emt 00:01:54]} 27.
bxc3 {[%clk 00:08:19]  [%emt 00:00:01]} 27... Rxf5 {[%clk 00:04:55]  [%emt
00:00:20]} 28. Rxf5 {[%clk 00:07:06]  [%emt 00:01:42]} 28... Bxf5 {[%clk
00:05:20]  [%emt 00:00:06]} 29. Bg7+ {[%clk 00:07:30]  [%emt 00:00:06]} 29...
Kg8 {[%clk 00:05:48]  [%emt 00:00:03]} 30. Bxe5+ {[%clk 00:07:52]  [%emt
00:00:08]} 30... Kf7 {[%clk 00:06:02]  [%emt 00:00:16]} 31. Bxd6 {[%clk
00:07:40]  [%emt 00:00:42]} 31... c4 {[%clk 00:03:36]  [%emt 00:02:56]} 32. Rg5
{[%clk 00:06:21]  [%emt 00:01:48]} 32... Bd3 {[%clk 00:02:01]  [%emt 00:02:06]}
33. Kd2 {[%clk 00:04:04]  [%emt 00:02:47]} 33... Re8 {[%clk 00:00:43]  [%emt
00:01:48]} 34. Be5 {[%clk 00:03:28]  [%emt 00:01:05]} 34... h6 {[%clk 00:00:41]
 [%emt 00:00:33]} 35. Rg7+ {[%clk 00:03:54]  [%emt 00:00:04]} 35... Kf8 {[%clk
00:01:07]  [%emt 00:00:04]} 36. Bd4 {[%clk 00:04:19]  [%emt 00:00:05]} 36...
Re2+ {[%clk 00:00:50]  [%emt 00:00:47]} 37. Kd1 {[%clk 00:04:48]  [%emt
00:00:01]} 37... Rb2 {[%clk 00:00:41]  [%emt 00:00:40]} 38. d6 {[%clk 00:04:35]
 [%emt 00:00:42]} 38... Rb5 {[%clk 00:00:34]  [%emt 00:00:37]} 39. Rc7 {[%clk
00:03:18]  [%emt 00:01:47]} 39... Rd5 {[%clk 00:00:33]  [%emt 00:00:31]} 40.
Rxb7 {[%clk 00:03:26]  [%emt 00:00:21]} 40... Be4 {[%clk 00:00:35]  [%emt
00:00:30]} 41. d7 {[%clk 00:01:49]  [%emt 00:02:06]} 41... Ke7 {[%clk 00:18:50]
 [%emt 00:12:15]} 42. Rxa7 {[%clk 00:31:18]  [%emt 00:01:01]} 42... Bf3+ {[%clk
00:18:49]  [%emt 00:00:31]} 43. Kc1 {[%clk 00:31:16]  [%emt 00:00:32]} 43...
Bxh5 {[%clk 00:18:57]  [%emt 00:00:22]} 44. Bb6 {[%clk 00:30:03]  [%emt
00:01:42]} 44... Rd1+ {[%clk 00:18:45]  [%emt 00:00:43]} 45. Kb2 {[%clk
00:30:29]  [%emt 00:00:04]} 45... Rxd7 {[%clk 00:18:22]  [%emt 00:00:53]} 46.
Rxd7+ {[%clk 00:30:54]  [%emt 00:00:05]} 46... Kxd7 {[%clk 00:18:49]  [%emt
00:00:03]} 47. Be3 {[%clk 00:31:18]  [%emt 00:00:05]} 47... Kc6 {[%clk
00:18:51]  [%emt 00:00:29]} 48. Bxh6 {[%clk 00:31:28]  [%emt 00:00:20]} 48...
Bf3 {[%clk 00:18:26]  [%emt 00:00:55]} 49. a4 {[%clk 00:31:38]  [%emt
00:00:20]} 49... Be2 {[%clk 00:18:23]  [%emt 00:00:33]} 50. Bf8 {[%clk
00:31:38]  [%emt 00:00:29]} 50... Bd3 {[%clk 00:18:31]  [%emt 00:00:22]} 51. a5
{[%clk 00:31:46]  [%emt 00:00:23]} 51... Bf5 {[%clk 00:18:24]  [%emt 00:00:37]}
52. Kc1 {[%clk 00:32:04]  [%emt 00:00:12]} 52... Bc8 {[%clk 00:18:40]  [%emt
00:00:15]} 53. Kd2 {[%clk 00:32:25]  [%emt 00:00:07]} 53... Kd5 {[%clk
00:18:59]  [%emt 00:00:13]} 54. Ke3 {[%clk 00:32:48]  [%emt 00:00:06]} 54...
Ke5 {[%clk 00:19:12]  [%emt 00:00:18]} 55. f4+ {[%clk 00:32:52]  [%emt
00:00:25]} 55... Kd5 {[%clk 00:19:33]  [%emt 00:00:09]} 56. Kf3 {[%clk
00:32:31]  [%emt 00:00:50]} 56... Bb7 {[%clk 00:19:53]  [%emt 00:00:12]} 57.
Kg4 {[%clk 00:32:44]  [%emt 00:00:16]} 57... Ke4 {[%clk 00:20:01]  [%emt
00:00:22]} 58. Kg5 {[%clk 00:33:02]  [%emt 00:00:11]} 58... Bc8 {[%clk
00:20:19]  [%emt 00:00:13]} 59. Bg7 {[%clk 00:33:11]  [%emt 00:00:21]} 1-0